000 00868nam a2200241 a 4500
001 000011510
005 20240530073912.0
008 091019s2005 dr 000 f spa d
020 _a9993479594
040 _aDO-SdBNP
_bspa
_cBNPHU
082 _aRD863.44
_bC345m
100 1 _aCassó, Antonio de Jesús,
_d1928-
_927238
245 1 0 _aMarcada por el destino /
_cAntonio de Jesús Cassó ; prólogo Esclarecida Núñez.
260 _aSanto Domingo :
_bBúho,
_c2005.
300 _a129 p. ;
_c22 cm.
500 _aIncluye datos biográficos del autor en la solapa de cubierta
590 _aLa biblioteca posee 1 ejemplar autografiado por el autor
590 _aInventariado, 2020/MFF
650 0 _aNovela dominicana
_9223
650 0 _aLiteratura dominicana.
_967
700 1 _aNúñez, Esclarecida,
_epról.
_91126
910 _aValidado. Control de calidad MMOLINA
999 _c11211
_d11211